[Event "Russian Championship (men blitz)"]
[Site "Sochi"]
[Date "2017.10.02"]
[Round "19.8"]
[White "Alekseev, Evgeny"]
[Black "Rozum, Ivan"]
[Result "1/2-1/2"]
[LiveChessVersion "1.4.8"]
[BlackElo "2553"]
[WhiteElo "2636"]

1. e4 {[%clk 0:03:03]} c6 {[%clk 0:03:03]} 2. d4 {[%clk 0:03:04]} d5
{[%clk 0:03:05]} 3. exd5 {[%clk 0:03:04]} cxd5 {[%clk 0:03:06]} 4. Bd3
{[%clk 0:03:05]} Nc6 {[%clk 0:03:06]} 5. c3 {[%clk 0:03:06]} Nf6 {[%clk 0:03:07]}
6. h3 {[%clk 0:03:05]} g6 {[%clk 0:03:04]} 7. Nf3 {[%clk 0:03:04]} Bf5
{[%clk 0:03:05]} 8. Be2 {[%clk 0:03:02]} Bg7 {[%clk 0:03:06]} 9. O-O
{[%clk 0:03:02]} O-O {[%clk 0:03:06]} 10. Na3 {[%clk 0:03:00]} Qc7
{[%clk 0:03:05]} 11. Nc2 {[%clk 0:02:58]} Rad8 {[%clk 0:03:05]} 12. Re1
{[%clk 0:02:55]} Rfe8 {[%clk 0:03:05]} 13. Ne3 {[%clk 0:02:42]} Bc8
{[%clk 0:03:03]} 14. Nf1 {[%clk 0:02:37]} Ne4 {[%clk 0:03:03]} 15. Be3
{[%clk 0:02:33]} a6 {[%clk 0:03:00]} 16. N1d2 {[%clk 0:02:29]} Bf5
{[%clk 0:02:39]} 17. Nf1 {[%clk 0:02:23]} Bc8 {[%clk 0:02:34]} 18. Qc1
{[%clk 0:02:21]} Bf5 {[%clk 0:02:30]} 19. Bf4 {[%clk 0:02:16]} Qb6
{[%clk 0:02:31]} 20. Ne3 {[%clk 0:02:15]} Bc8 {[%clk 0:02:28]} 21. Bd3
{[%clk 0:02:07]} Nf6 {[%clk 0:02:06]} 22. Bh2 {[%clk 0:02:00]} Qa7
{[%clk 0:01:52]} 23. Ne5 {[%clk 0:01:52]} Nxe5 {[%clk 0:01:50]} 24. Bxe5
{[%clk 0:01:47]} Be6 {[%clk 0:01:48]} 25. Qd1 {[%clk 0:01:42]} Qb6
{[%clk 0:01:49]} 26. Qb3 {[%clk 0:01:40]} Qxb3 {[%clk 0:01:44]} 27. axb3
{[%clk 0:01:41]} Nd7 {[%clk 0:01:38]} 28. Bh2 {[%clk 0:01:33]} Nb8
{[%clk 0:01:36]} 29. b4 {[%clk 0:01:27]} Nc6 {[%clk 0:01:37]} 30. Red1
{[%clk 0:00:55]} Ra8 {[%clk 0:01:35]} 31. Nf1 {[%clk 0:00:49]} Bf5
{[%clk 0:01:36]} 32. Be2 {[%clk 0:00:46]} Bd7 {[%clk 0:01:19]} 33. Ne3
{[%clk 0:00:45]} e6 {[%clk 0:01:18]} 34. Ra2 {[%clk 0:00:43]} Na7
{[%clk 0:01:15]} 35. Nf1 {[%clk 0:00:32]} Bb5 {[%clk 0:01:15]} 36. Bxb5
{[%clk 0:00:31]} Nxb5 {[%clk 0:01:16]} 37. Nd2 {[%clk 0:00:31]} Bf8
{[%clk 0:01:12]} 38. Nb3 {[%clk 0:00:30]} Bd6 {[%clk 0:01:12]} 39. Nc5
{[%clk 0:00:26]} Bxh2+ {[%clk 0:01:12]} 40. Kxh2 {[%clk 0:00:27]} Nd6
{[%clk 0:01:13]} 41. Kg1 {[%clk 0:00:19]} Kf8 {[%clk 0:01:13]} 42. f3
{[%clk 0:00:19]} Ke7 {[%clk 0:01:14]} 43. Kf2 {[%clk 0:00:20]} Kd8
{[%clk 0:01:13]} 44. b5 {[%clk 0:00:15]} a5 {[%clk 0:01:02]} 45. b6
{[%clk 0:00:14]} Kc8 {[%clk 0:00:58]} 46. b3 {[%clk 0:00:07]} e5 {[%clk 0:00:27]}
47. dxe5 {[%clk 0:00:05]} Rxe5 {[%clk 0:00:28]} 48. Rda1 {[%clk 0:00:06]} Nf5
{[%clk 0:00:19]} 49. Rxa5 Rb8 50. b4 {[%clk 0:00:06]} d4 {[%clk 0:00:22]} 51. c4
{[%clk 0:00:05]} Ne3 {[%clk 0:00:22]} 52. Nd3 {[%clk 0:00:06]} Re6
{[%clk 0:00:20]} 53. Rc5+ {[%clk 0:00:06]} Kd8 {[%clk 0:00:22]} 54. Rc7
{[%clk 0:00:07]} Rxb6 {[%clk 0:00:18]} 55. Rxf7 {[%clk 0:00:07]} Nxc4
{[%clk 0:00:18]} 56. Rxh7 {[%clk 0:00:07]} Ne3 {[%clk 0:00:15]} 57. Nc5
{[%clk 0:00:05]} Rxb4 {[%clk 0:00:14]} 58. Rh8+ {[%clk 0:00:06]} Kc7
{[%clk 0:00:15]} 59. Ne6+ {[%clk 0:00:07]} Kd6 {[%clk 0:00:16]} 60. Rxb8
{[%clk 0:00:07]} Rb2+ {[%clk 0:00:17]} 61. Kg3 {[%clk 0:00:05]} Rxg2+
{[%clk 0:00:17]} 62. Kf4 {[%clk 0:00:06]} Kxe6 {[%clk 0:00:19]} 63. Ke4
{[%clk 0:00:06]} Nf5 {[%clk 0:00:19]} 64. Rxb7 {[%clk 0:00:04]} Nd6+
{[%clk 0:00:20]} 65. Kxd4 Nxb7 66. Ke4 {[%clk 0:00:05]} Rg3 {[%clk 0:00:19]} 67.
Ke5+ Kxe5 1/2-1/2

[Event "Russian Championship (men blitz)"]
[Site "Sochi"]
[Date "2017.10.02"]
[Round "19.13"]
[White "Korchmar, Vasiliy"]
[Black "Jakovenko, Dmitry"]
[Result "0-1"]
[LiveChessVersion "1.4.8"]
[BlackElo "2589"]
[WhiteElo "2432"]

1. d4 {[%clk 0:03:03]} Nf6 {[%clk 0:03:04]} 2. Nf3 e6 3. Bf4 {[%clk 0:03:04]} b6
{[%clk 0:03:04]} 4. e3 {[%clk 0:03:05]} Bb7 {[%clk 0:03:05]} 5. Nbd2
{[%clk 0:03:05]} Be7 {[%clk 0:03:06]} 6. h3 {[%clk 0:03:06]} c5 {[%clk 0:03:06]}
7. c3 {[%clk 0:03:06]} cxd4 {[%clk 0:03:07]} 8. cxd4 {[%clk 0:03:05]} O-O
{[%clk 0:03:01]} 9. a3 {[%clk 0:03:05]} Ne4 {[%clk 0:02:33]} 10. Bd3
{[%clk 0:02:59]} d5 {[%clk 0:02:10]} 11. Rc1 {[%clk 0:02:46]} Bd6
{[%clk 0:01:59]} 12. Bxd6 {[%clk 0:02:40]} Qxd6 {[%clk 0:01:59]} 13. Ne5
{[%clk 0:02:22]} f6 {[%clk 0:01:54]} 14. Nef3 {[%clk 0:02:21]} Nd7
{[%clk 0:01:52]} 15. O-O {[%clk 0:02:19]} Rac8 {[%clk 0:01:42]} 16. Qe2
{[%clk 0:02:16]} Rc7 {[%clk 0:01:18]} 17. Rfd1 {[%clk 0:02:01]} Rfc8
{[%clk 0:01:18]} 18. Qf1 {[%clk 0:01:53]} g5 {[%clk 0:01:14]} 19. Nb3
{[%clk 0:01:31]} h5 {[%clk 0:01:07]} 20. Rxc7 {[%clk 0:01:12]} Rxc7
{[%clk 0:01:07]} 21. Rc1 {[%clk 0:01:07]} Kg7 {[%clk 0:00:58]} 22. Qd1
{[%clk 0:00:58]} h4 {[%clk 0:00:56]} 23. Bxe4 {[%clk 0:00:47]} dxe4
{[%clk 0:00:56]} 24. Nfd2 {[%clk 0:00:48]} Bd5 {[%clk 0:00:54]} 25. Rc2
{[%clk 0:00:41]} f5 {[%clk 0:00:27]} 26. Qc1 {[%clk 0:00:35]} Rxc2
{[%clk 0:00:26]} 27. Qxc2 {[%clk 0:00:36]} Qb8 {[%clk 0:00:26]} 28. Qc3
{[%clk 0:00:27]} Nf6 {[%clk 0:00:25]} 29. Nc1 {[%clk 0:00:12]} f4
{[%clk 0:00:25]} 30. Ne2 {[%clk 0:00:04]} f3 {[%clk 0:00:24]} 31. Nc1
{[%clk 0:00:04]} g4 {[%clk 0:00:23]} 32. Qb4 {[%clk 0:00:03]} Qc7
{[%clk 0:00:23]} 33. Ncb3 {[%clk 0:00:04]} gxh3 {[%clk 0:00:21]} 34. gxh3
{[%clk 0:00:04]} Qf7 {[%clk 0:00:22]} 35. Kf1 {[%clk 0:00:04]} Qg6
{[%clk 0:00:13]} 36. Qe7+ {[%clk 0:00:05]} Kh6 {[%clk 0:00:13]} 37. Ke1
{[%clk 0:00:05]} Qg1+ {[%clk 0:00:13]} 38. Nf1 {[%clk 0:00:06]} Kg6
{[%clk 0:00:14]} 39. Nbd2 {[%clk 0:00:07]} Qg2 {[%clk 0:00:15]} 40. b4
{[%clk 0:00:05]} Qxh3 {[%clk 0:00:15]} 41. Qxa7 {[%clk 0:00:05]} Qg2
{[%clk 0:00:15]} 42. Qxb6 {[%clk 0:00:06]} h3 {[%clk 0:00:14]} 43. Qb8
{[%clk 0:00:07]} Kf7 {[%clk 0:00:10]} 44. a4 {[%clk 0:00:08]} Ng4
{[%clk 0:00:11]} 45. Qc7+ {[%clk 0:00:07]} Kg6 {[%clk 0:00:11]} 46. Qb8
{[%clk 0:00:06]} Qxf2+ {[%clk 0:00:12]} 47. Kd1 {[%clk 0:00:08]} Qe2+
{[%clk 0:00:12]} 48. Kc1 {[%clk 0:00:08]} Nf6 {[%clk 0:00:12]} 49. a5
{[%clk 0:00:07]} Qd3 {[%clk 0:00:11]} 50. b5 {[%clk 0:00:07]} Qc3+
{[%clk 0:00:12]} 51. Kd1 {[%clk 0:00:07]} Qxa5 {[%clk 0:00:13]} 52. Qg3+
{[%clk 0:00:07]} Kf7 {[%clk 0:00:13]} 53. Qb8 {[%clk 0:00:05]} Qa4+
{[%clk 0:00:11]} 54. Kc1 {[%clk 0:00:05]} Qa3+ {[%clk 0:00:10]} 55. Kd1
{[%clk 0:00:05]} Qa4+ {[%clk 0:00:10]} 56. Kc1 {[%clk 0:00:07]} Nd7
{[%clk 0:00:11]} 57. Qf4+ {[%clk 0:00:06]} Ke7 {[%clk 0:00:12]} 58. Qh4+
{[%clk 0:00:06]} Nf6 {[%clk 0:00:12]} 59. Qg5 {[%clk 0:00:06]} Kf7
{[%clk 0:00:12]} 60. b6 {[%clk 0:00:05]} Qc6+ {[%clk 0:00:13]} 61. Kd1
{[%clk 0:00:06]} Qxb6 {[%clk 0:00:14]} 62. Qh4 {[%clk 0:00:05]} Bc4
{[%clk 0:00:12]} 63. Nxc4 {[%clk 0:00:05]} Qb3+ {[%clk 0:00:13]} 64. Kd2
{[%clk 0:00:04]} Qd3+ {[%clk 0:00:12]} 65. Kc1 {[%clk 0:00:04]} Qxc4+
{[%clk 0:00:12]} 0-1

[Event "Russian Championship (men blitz)"]
[Site "Sochi"]
[Date "2017.10.02"]
[Round "20.10"]
[White "Inarkiev, Ernesto"]
[Black "Yuffa, Daniil"]
[Result "0-1"]
[LiveChessVersion "1.4.8"]
[BlackElo "2542"]
[WhiteElo "2677"]

1. e4 {[%clk 0:03:03]} Nf6 {[%clk 0:03:03]} 2. e5 {[%clk 0:03:02]} Nd5
{[%clk 0:03:05]} 3. d4 {[%clk 0:03:03]} d6 {[%clk 0:03:06]} 4. c4
{[%clk 0:03:04]} Nb6 {[%clk 0:03:08]} 5. exd6 {[%clk 0:03:05]} exd6
{[%clk 0:03:08]} 6. Nc3 {[%clk 0:03:04]} Be7 {[%clk 0:03:09]} 7. h3
{[%clk 0:02:56]} O-O {[%clk 0:03:10]} 8. Nf3 {[%clk 0:02:57]} Re8
{[%clk 0:03:03]} 9. Be2 {[%clk 0:02:58]} Bf6 {[%clk 0:03:03]} 10. O-O Nc6
{[%clk 0:02:59]} 11. Be3 {[%clk 0:02:57]} Bf5 {[%clk 0:03:00]} 12. b3
{[%clk 0:02:48]} a5 {[%clk 0:02:58]} 13. Rc1 {[%clk 0:02:18]} a4 {[%clk 0:02:48]}
14. c5 {[%clk 0:02:14]} dxc5 {[%clk 0:02:17]} 15. dxc5 {[%clk 0:02:15]} Qxd1
{[%clk 0:01:38]} 16. Rfxd1 {[%clk 0:02:16]} axb3 {[%clk 0:01:35]} 17. axb3
{[%clk 0:02:13]} Bxc3 {[%clk 0:01:15]} 18. Rxc3 {[%clk 0:02:13]} Nc8
{[%clk 0:00:58]} 19. g4 {[%clk 0:01:41]} Be6 {[%clk 0:00:39]} 20. Ng5
{[%clk 0:01:36]} N8e7 {[%clk 0:00:40]} 21. Rcd3 {[%clk 0:00:40]} Ne5
{[%clk 0:00:25]} 22. Nxe6 {[%clk 0:00:30]} fxe6 {[%clk 0:00:26]} 23. Rd4
{[%clk 0:00:16]} Nd5 {[%clk 0:00:27]} 24. Bd2 {[%clk 0:00:16]} c6
{[%clk 0:00:22]} 25. Re4 {[%clk 0:00:15]} Nd7 {[%clk 0:00:23]} 26. b4
{[%clk 0:00:16]} Kf7 {[%clk 0:00:23]} 27. Bc4 {[%clk 0:00:16]} Ra3
{[%clk 0:00:18]} 28. Kg2 {[%clk 0:00:15]} N7f6 {[%clk 0:00:12]} 29. Re2
{[%clk 0:00:16]} Nd7 {[%clk 0:00:07]} 30. Rde1 {[%clk 0:00:16]} h6
{[%clk 0:00:07]} 31. f4 {[%clk 0:00:17]} N7f6 {[%clk 0:00:05]} 32. Rf1
{[%clk 0:00:15]} Kg8 {[%clk 0:00:05]} 33. Rfe1 {[%clk 0:00:14]} Kf7
{[%clk 0:00:06]} 34. Rf1 {[%clk 0:00:12]} Kg8 {[%clk 0:00:07]} 35. f5
{[%clk 0:00:13]} exf5 {[%clk 0:00:07]} 36. Rxe8+ {[%clk 0:00:13]} Nxe8
{[%clk 0:00:09]} 37. Rxf5 {[%clk 0:00:14]} Nef6 {[%clk 0:00:08]} 38. Bxh6
{[%clk 0:00:10]} gxh6 {[%clk 0:00:04]} 39. Rxf6 Kg7 40. Re6 {[%clk 0:00:04]} Ne3+
{[%clk 0:00:06]} 41. Kf2 {[%clk 0:00:04]} Nxc4 42. Re7+ {[%clk 0:00:06]} Kf6
{[%clk 0:00:08]} 43. Rxb7 {[%clk 0:00:07]} Rb3 {[%clk 0:00:06]} 44. h4
{[%clk 0:00:07]} Ne5 {[%clk 0:00:07]} 45. Rb6 {[%clk 0:00:07]} Nxg4+
{[%clk 0:00:08]} 46. Ke2 {[%clk 0:00:07]} Ne5 {[%clk 0:00:09]} 47. Kd1
{[%clk 0:00:09]} Kf5 {[%clk 0:00:09]} 48. Kc2 {[%clk 0:00:10]} Rh3
{[%clk 0:00:09]} 49. b5 {[%clk 0:00:11]} cxb5 {[%clk 0:00:10]} 50. Rxb5
{[%clk 0:00:13]} Rxh4 51. Kb3 Rg4 {[%clk 0:00:07]} 52. c6 {[%clk 0:00:16]} Rg8
{[%clk 0:00:07]} 53. c7 {[%clk 0:00:15]} Rc8 {[%clk 0:00:08]} 54. Rc5
{[%clk 0:00:13]} Ke6 {[%clk 0:00:08]} 55. Rc1 {[%clk 0:00:08]} Kd6
{[%clk 0:00:09]} 56. Rf1 {[%clk 0:00:09]} Ke6 57. Rh1 {[%clk 0:00:08]} Nf7
{[%clk 0:00:07]} 58. Rc1 {[%clk 0:00:08]} Kd6 {[%clk 0:00:08]} 59. Rd1+
{[%clk 0:00:06]} Kxc7 {[%clk 0:00:08]} 60. Rf1 {[%clk 0:00:08]} Rf8
{[%clk 0:00:09]} 61. Kc3 {[%clk 0:00:08]} Kd6 {[%clk 0:00:10]} 62. Kd4
{[%clk 0:00:09]} Ke6 {[%clk 0:00:11]} 63. Ke3 {[%clk 0:00:05]} Rg8
{[%clk 0:00:10]} 64. Ra1 {[%clk 0:00:05]} Rg5 {[%clk 0:00:09]} 65. Kf4
{[%clk 0:00:07]} Kf6 {[%clk 0:00:10]} 66. Ra6+ {[%clk 0:00:07]} Kg7
{[%clk 0:00:12]} 67. Ra7 {[%clk 0:00:09]} Rg6 {[%clk 0:00:09]} 68. Ra5
{[%clk 0:00:09]} Rf6+ {[%clk 0:00:11]} 69. Kg4 {[%clk 0:00:10]} Kg6
{[%clk 0:00:13]} 70. Rb5 {[%clk 0:00:11]} Re6 {[%clk 0:00:13]} 71. Ra5
{[%clk 0:00:10]} Ne5+ {[%clk 0:00:12]} 72. Kf4 {[%clk 0:00:12]} Nd7
{[%clk 0:00:11]} 73. Ra1 {[%clk 0:00:09]} Rf6+ {[%clk 0:00:11]} 74. Kg3
{[%clk 0:00:07]} Ne5 {[%clk 0:00:11]} 75. Ra5 {[%clk 0:00:09]} Rf5
{[%clk 0:00:12]} 76. Kh3 {[%clk 0:00:06]} Kg5 {[%clk 0:00:12]} 77. Ra1
{[%clk 0:00:06]} h5 {[%clk 0:00:12]} 78. Rg1+ {[%clk 0:00:07]} Ng4
{[%clk 0:00:13]} 79. Ra1 {[%clk 0:00:06]} Rf3+ {[%clk 0:00:13]} 80. Kg2
{[%clk 0:00:07]} Rb3 {[%clk 0:00:14]} 81. Ra5+ {[%clk 0:00:08]} Kh4
{[%clk 0:00:15]} 82. Rc5 {[%clk 0:00:05]} Rb2+ {[%clk 0:00:13]} 83. Kf3
{[%clk 0:00:06]} Rf2+ {[%clk 0:00:13]} 84. Ke4 {[%clk 0:00:07]} Rf8
{[%clk 0:00:13]} 85. Ra5 {[%clk 0:00:04]} Kg3 {[%clk 0:00:11]} 86. Ra3+
{[%clk 0:00:06]} Kg2 {[%clk 0:00:10]} 0-1

[Event "Russian Championship (men blitz)"]
[Site "Sochi"]
[Date "2017.10.02"]
[Round "20.20"]
[White "Tsoi, Dmitry"]
[Black "Triapishko, Alexandr"]
[Result "0-1"]
[LiveChessVersion "1.4.8"]
[BlackElo "2396"]
[WhiteElo "2357"]

1. e4 {[%clk 0:03:03]} e5 {[%clk 0:03:03]} 2. Nf3 {[%clk 0:03:02]} Nc6
{[%clk 0:03:04]} 3. Nc3 {[%clk 0:03:03]} Nf6 {[%clk 0:03:04]} 4. Bb5
{[%clk 0:03:04]} Bd6 {[%clk 0:03:04]} 5. O-O {[%clk 0:03:03]} O-O
{[%clk 0:03:04]} 6. d3 {[%clk 0:03:04]} h6 {[%clk 0:02:59]} 7. h3
{[%clk 0:03:03]} a6 {[%clk 0:02:59]} 8. Bxc6 {[%clk 0:03:03]} dxc6
{[%clk 0:02:55]} 9. Be3 {[%clk 0:02:58]} c5 {[%clk 0:02:47]} 10. a4
{[%clk 0:02:59]} b6 {[%clk 0:02:23]} 11. a5 {[%clk 0:02:58]} Be6 {[%clk 0:02:17]}
12. Qd2 {[%clk 0:02:53]} Nd7 {[%clk 0:02:04]} 13. Ne2 {[%clk 0:02:45]} Qf6
{[%clk 0:01:50]} 14. Ng3 {[%clk 0:02:41]} Bxh3 {[%clk 0:01:22]} 15. Ng5
{[%clk 0:02:19]} Bg4 {[%clk 0:01:06]} 16. f3 {[%clk 0:02:16]} Be6
{[%clk 0:01:05]} 17. Nxe6 {[%clk 0:02:12]} fxe6 {[%clk 0:01:05]} 18. Ne2
{[%clk 0:02:10]} b5 {[%clk 0:01:01]} 19. Kf2 {[%clk 0:02:10]} Qh4+
{[%clk 0:01:01]} 20. g3 {[%clk 0:01:55]} Qh2+ {[%clk 0:00:52]} 21. Ke1
{[%clk 0:01:55]} Rf7 {[%clk 0:00:49]} 22. Bg1 {[%clk 0:01:29]} Qh3
{[%clk 0:00:38]} 23. Rf2 {[%clk 0:01:26]} Qh5 {[%clk 0:00:35]} 24. g4
{[%clk 0:01:21]} Qh3 {[%clk 0:00:31]} 25. g5 {[%clk 0:00:54]} h5 {[%clk 0:00:20]}
26. Rh2 {[%clk 0:00:24]} Qxf3 {[%clk 0:00:20]} 27. Rf2 {[%clk 0:00:25]} Qg4
{[%clk 0:00:19]} 28. Rxf7 {[%clk 0:00:26]} Kxf7 {[%clk 0:00:20]} 29. Qe3
{[%clk 0:00:27]} Rf8 {[%clk 0:00:16]} 30. Kd2 {[%clk 0:00:28]} Kg6
{[%clk 0:00:14]} 31. Bh2 {[%clk 0:00:14]} Rf3 {[%clk 0:00:12]} 32. Qg1
{[%clk 0:00:15]} Qxg5+ {[%clk 0:00:11]} 33. Kc3 {[%clk 0:00:14]} Qxg1
{[%clk 0:00:10]} 34. Rxg1+ {[%clk 0:00:15]} Kh6 {[%clk 0:00:12]} 35. Bg3
{[%clk 0:00:08]} g5 {[%clk 0:00:13]} 36. Be1 {[%clk 0:00:09]} Be7
{[%clk 0:00:09]} 37. Bd2 {[%clk 0:00:06]} Kg6 {[%clk 0:00:10]} 38. Ng3
{[%clk 0:00:06]} h4 {[%clk 0:00:11]} 39. Nf1 {[%clk 0:00:08]} Kh5
{[%clk 0:00:07]} 40. Nh2 {[%clk 0:00:09]} Rg3 {[%clk 0:00:06]} 41. Rh1
{[%clk 0:00:10]} Rg2 {[%clk 0:00:05]} 42. Nf3 {[%clk 0:00:10]} Rf2
{[%clk 0:00:07]} 43. Ng1 {[%clk 0:00:06]} g4 {[%clk 0:00:08]} 44. Be3
{[%clk 0:00:07]} Rf1 {[%clk 0:00:08]} 45. Rh2 {[%clk 0:00:09]} g3
{[%clk 0:00:09]} 46. Rg2 {[%clk 0:00:08]} Kg4 {[%clk 0:00:10]} 47. Ne2
{[%clk 0:00:08]} Rf3 {[%clk 0:00:10]} 48. Kd4 0-1

[Event "Russian Championship (men blitz)"]
[Site "Sochi"]
[Date "2017.10.02"]
[Round "20.28"]
[White "Kobalia, Mikhail"]
[Black "Chos, Alexey"]
[Result "1-0"]
[LiveChessVersion "1.4.8"]
[BlackElo "2354"]
[WhiteElo "2568"]

1. e4 {[%clk 0:03:03]} c5 {[%clk 0:03:03]} 2. Nf3 Nc6 3. Bb5 {[%clk 0:03:04]} e6
{[%clk 0:03:02]} 4. O-O {[%clk 0:03:04]} Nge7 {[%clk 0:03:03]} 5. d4
{[%clk 0:03:05]} cxd4 {[%clk 0:03:04]} 6. Nxd4 {[%clk 0:03:06]} a6
{[%clk 0:03:04]} 7. Nxc6 {[%clk 0:02:56]} bxc6 {[%clk 0:03:01]} 8. Bd3
{[%clk 0:02:57]} d5 {[%clk 0:03:01]} 9. Nd2 {[%clk 0:02:57]} Ng6 {[%clk 0:03:01]}
10. c4 {[%clk 0:02:53]} Nf4 {[%clk 0:02:45]} 11. Bc2 {[%clk 0:02:53]} Qg5
{[%clk 0:02:32]} 12. g3 {[%clk 0:02:52]} Nh3+ {[%clk 0:02:25]} 13. Kg2
{[%clk 0:02:49]} Nf4+ {[%clk 0:02:26]} 14. Kh1 {[%clk 0:02:49]} Ng6
{[%clk 0:02:15]} 15. f4 {[%clk 0:02:33]} Qd8 {[%clk 0:02:14]} 16. Ba4
{[%clk 0:02:29]} Bb7 {[%clk 0:02:11]} 17. f5 {[%clk 0:02:26]} Ne5
{[%clk 0:02:10]} 18. fxe6 {[%clk 0:02:26]} fxe6 {[%clk 0:02:06]} 19. Qh5+
{[%clk 0:02:26]} Ng6 {[%clk 0:02:07]} 20. exd5 {[%clk 0:02:26]} exd5
{[%clk 0:02:06]} 21. cxd5 {[%clk 0:02:25]} Qa5 {[%clk 0:02:06]} 22. Re1+
{[%clk 0:02:09]} Be7 {[%clk 0:02:05]} 23. Rxe7+ {[%clk 0:02:07]} Kxe7
{[%clk 0:02:04]} 24. d6+ {[%clk 0:02:09]} Kxd6 {[%clk 0:02:04]} 25. Qxa5
{[%clk 0:02:09]} c5+ {[%clk 0:02:05]} 26. Kg1 {[%clk 0:02:09]} Ne5
{[%clk 0:02:01]} 27. Qb6+ {[%clk 0:02:10]} Bc6 {[%clk 0:02:01]} 28. Nc4+
{[%clk 0:02:10]} Nxc4 {[%clk 0:02:00]} 29. Qxc6+ {[%clk 0:02:11]} Kd5 1-0